Se anuncia un asesinato / (Registro nro. 30023)

Detalles MARC
000 -LEADER
fixed length control field 01730nam a22003017a 4500
003 - CONTROL NUMBER IDENTIFIER
control field OSt
005 - DATE AND TIME OF LATEST TRANSACTION
control field 20240712131627.0
008 - FIXED-LENGTH DATA ELEMENTS--GENERAL INFORMATION
fixed length control field 230517t20201950ck er 000 fbspa d
020 ## - INTERNATIONAL STANDARD BOOK NUMBER
International Standard Book Number 9789878317717
020 ## - INTERNATIONAL STANDARD BOOK NUMBER
International Standard Book Number 9789584289612
040 ## - CATALOGING SOURCE
Original cataloging agency CO-JMCR
Language of cataloging spa
Transcribing agency CO-JMCR
Modifying agency CO-JMCR
Description conventions rda
041 1# - LANGUAGE CODE
Language code of text/sound track or separate title spa
Language code of original eng
082 04 - DEWEY DECIMAL CLASSIFICATION NUMBER
Classification number A-N
Item number CHRs
100 1# - MAIN ENTRY--PERSONAL NAME
9 (RLIN) 42190
Personal name Christie, Agatha,
Dates associated with a name 1890-1976
Relator term autora
245 10 - TITLE STATEMENT
Title Se anuncia un asesinato /
Statement of responsibility, etc. Agatha Christie ; traducción de Guillermo Lopez Hipkiss.
246 ## - VARYING FORM OF TITLE
Title proper/short title A murder is announced
260 ## - PUBLICATION, DISTRIBUTION, ETC.
Place of publication, distribution, etc. Bogotá :
Name of publisher, distributor, etc. Booket ,
Date of publication, distribution, etc. ©2020
300 ## - PHYSICAL DESCRIPTION
Extent 262 páginas ;
Dimensions 19 cm.
490 ## - SERIES STATEMENT
Series statement 100 años de historias de Agatha Christie
500 ## - GENERAL NOTE
General note Edición especial conmemorativa 100 años de historia de Agatha Christie
520 3# - SUMMARY, ETC.
Summary, etc. Los habitantes del pequeño y apacible pueblo de Chipping Cleghorn ven alterada su vida cotidiana ante un anuncio en el periódico local que reza: «Se anuncia un asesinato que tendrá lugar el viernes, 29 de octubre, en Little Paddocks, a las seis y media de la tarde». Incapaz de resistir la curiosidad, una multitud acude al domicilio de la víctima de esa muerte anunciada en el día y la hora señalados.<br/>Cuando el reloj marca las seis y media, las luces se apagan y se oye un disparo... Los allí congregados comprobarán que lo que en apariencia no era más que una extravagancia se convierte en un asesinato que sólo Miss Marple podrá desentrañar.
546 ## - LANGUAGE NOTE
Language note Traducido del inglés
650 14 - SUBJECT ADDED ENTRY--TOPICAL TERM
Source of heading or term JMCR
Topical term or geographic name entry element Asesinatos
Form subdivision Relatos
9 (RLIN) 43764
650 24 - SUBJECT ADDED ENTRY--TOPICAL TERM
Source of heading or term JMCR
Topical term or geographic name entry element Asesinatos
Form subdivision Investigación
9 (RLIN) 43765
650 34 - SUBJECT ADDED ENTRY--TOPICAL TERM
Source of heading or term JMCR
Topical term or geographic name entry element Investigadores
General subdivision Relatos
9 (RLIN) 43766
700 1# - ADDED ENTRY--PERSONAL NAME
Personal name López Hipkiss, Guillermo,
Dates associated with a name 1902-1957
Relator term traductor
9 (RLIN) 43767
942 ## - ADDED ENTRY ELEMENTS (KOHA)
Source of classification or shelving scheme Dewey Decimal Classification
Koha item type Books
Existencias
Withdrawn status Lost status Source of classification or shelving scheme Damaged status Not for loan Home library Current library Shelving location Date acquired Source of acquisition Total Checkouts Total Renewals Full call number Barcode Date last seen Date last checked out Copy number Price effective from Koha item type
    Dewey Decimal Classification     Biblioteca Pública José María del Castillo y Rada Biblioteca Pública José María del Castillo y Rada New Materials Shelf 05/17/2023 Donación 7 5 A-N CHRs 201812028 11/26/2025 10/20/2025 Ej.1 05/17/2023 Books